01250nam a2200217 a 4500001001000000003001100010005001700021008004100038040001800079041000800097044000700105084002000112100002800132245037700160260003500537300005000572500027600622500006200898650002800960650004400988BRCA_8516FranzMayer20230724112938.0190816s1784----sp-#######---#000-0#spa-# aMFMbespcMFM aspa asp aBE21b.P68 17841 aPouget, Francisco Amado10aInstrucciones generales en forma de catecismoben las quales, por la sagrada escritura y la tradición, se explican en compendio la historia y los dogmas de la religión, la moral christiana, los sacramentos, la oración, las ceremonias y usos de la iglesia. Con dos catecismos abreviados para uso de los niñoscescritas en francés por el P. Francisco Amado Pouget. aMadridbLa Imprenta Realc1784 a[4], xxxii, [40], 301 p. (t.1)c20.5 x 14 cm. aEn portada : Traducidas ahora nuevamente en castellano sobre la edición original del año de 1702, con acuerdo del Excmo. Sr. D. Francisco Antonio Lorenzana, Arzobispo de Toledo, Primado de las Españas : P. F. M. por Abreu, D. Francisco Antonio de Escartin y Carrera aEstado físico : encuadernación manchada y deteriorada14aCatecismos, españoles14aIglesia católicaxCatecismos y credos